Bhagavathicharan varma ke upanyasome yugachetana (Record no. 84923)
[ view plain ]
| 000 -LEADER | |
|---|---|
| fixed length control field | 00844nam a2200253Ia 4500 |
| 003 - CONTROL NUMBER IDENTIFIER | |
| control field | OSt |
| 005 - DATE AND TIME OF LATEST TRANSACTION | |
| control field | 20240803103543.0 |
| 008 - FIXED-LENGTH DATA ELEMENTS--GENERAL INFORMATION | |
| fixed length control field | 210210b1977 xxu||||| |||| 00| 0 eng d |
| 040 ## - CATALOGING SOURCE | |
| Transcribing agency | AL |
| 041 ## - LANGUAGE CODE | |
| Language code of text/sound track or separate title | Hindi |
| 082 ## - DEWEY DECIMAL CLASSIFICATION NUMBER | |
| Classification number | H891.9 SHUB |
| 100 ## - MAIN ENTRY--PERSONAL NAME | |
| Personal name | SHUKLA (Baijanath Prasad) |
| Dates associated with a name | बैजनाथ प्रसाद शुक्ला |
| 9 (RLIN) | 175041 |
| 245 ## - TITLE STATEMENT | |
| Title | Bhagavathicharan varma ke upanyasome yugachetana |
| Remainder of title | भगवतीचरण वर्मा के उपन्यासों में युगचेतना |
| 260 ## - PUBLICATION, DISTRIBUTION, ETC. | |
| Place of publication, distribution, etc. | New Delhi |
| Name of publisher, distributor, etc. | Prem Prakashan Mandir |
| Date of publication, distribution, etc. | 1977 |
| 300 ## - PHYSICAL DESCRIPTION | |
| Extent | 432 |
| 650 ## - SUBJECT ADDED ENTRY--TOPICAL TERM | |
| Topical term or geographic name entry element | yugachetana |
| 9 (RLIN) | 175042 |
| 650 ## - SUBJECT ADDED ENTRY--TOPICAL TERM | |
| Topical term or geographic name entry element | varma |
| 9 (RLIN) | 175043 |
| 650 ## - SUBJECT ADDED ENTRY--TOPICAL TERM | |
| Topical term or geographic name entry element | upanyasome |
| 9 (RLIN) | 175044 |
| 650 ## - SUBJECT ADDED ENTRY--TOPICAL TERM | |
| Topical term or geographic name entry element | ke |
| 9 (RLIN) | 175045 |
| 650 ## - SUBJECT ADDED ENTRY--TOPICAL TERM | |
| Topical term or geographic name entry element | Bhagavathicharan |
| 9 (RLIN) | 175046 |
| 690 ## - LOCAL SUBJECT ADDED ENTRY--TOPICAL TERM (OCLC, RLIN) | |
| Topical term or geographic name as entry element | Hindi Miscellaneous |
| 9 (RLIN) | 175047 |
| 906 ## - LOCAL DATA ELEMENT F, LDF (RLIN) | |
| a | 033819 |
| 942 ## - ADDED ENTRY ELEMENTS (KOHA) | |
| Source of classification or shelving scheme | Dewey Decimal Classification |
| Koha item type | Book |
| Withdrawn status | Lost status | Damaged status | Not for loan | Collection code | Home library | Current library | Shelving location | Date acquired | Cost, normal purchase price | Total Checkouts | Full call number | Barcode | Date last seen | Price effective from | Koha item type |
|---|---|---|---|---|---|---|---|---|---|---|---|---|---|---|---|
| St Aloysius Library | St Aloysius Library | 02/17/2021 | 0.00 | H891.9 SHUB | 033819 | 02/17/2021 | 02/17/2021 | Book |